000 01333nam a2200265 i 4500
003 DO-SdBNP
005 20240820143426.0
007 ta
008 240813b2024 dr |||| |||| 00| 0 spa d
020 _a9789945945904
040 _aDO-SdBNP
_bspa
_cBNPHU
_erda
082 _222
_bB453
245 1 0 _aPardavelito /
_cBelié Beltrán
264 1 _aSanto Domingo :
_bUME,
_c2024.
300 _a155 páginas
_c19 cm.
336 _2rdacontent
_atexto
_btxt
337 _2rdamedia
_asin mediación
_bn
338 _2rdacarrier
_avolumen
_bnc
500 _aIncluye datos biografícos del autor en la solapa de la portada.
520 _aEn Pardavelito, Belié Beltrán nos invita a un viaje a través de historias intensas y conmovedoras que exploran los rincones más oscuros y fascinantes de la existencia humana. A través de una narrativa intrincada y envolvente, el autor nos sumerge en un mundo donde la realidad se mezcla con la ficción, creando un tapiz de emociones que oscilan entre la desesperanza y la redención. Los personajes, atrapados en situaciones límite, revelan sus miedos y deseos más profundos, al tiempo que luchan por encontrar un sentido a sus vidas en medio del caos.
590 _aInventariado, 2024/ YL
710 _aÚltimos Monstruos Editores (UME).
_986334
910 _aYLockward
942 _2ddc
_cLBS1
999 _c57442
_d57442